000 003400000a22001570004500
005 20120302062822.0
942 _cBOOK
100 _a PANDIT ,JAGANNATH
245 _a RASA GANGADHAR
250 _a 5 TH
260 _aMUMBAI : NIRNAYA SAGAR PRESS
300 _a706 P.
040 _aSAN
365 _bRS.4/-
650 _aAYURVED / RASA
999 _c357758
_d357755